Classifica Serie B 2016-2017 - Statistics

Statistiche generali
  • Questo quiz è stato fatto 32 volte
  • Il punteggio medio è 17 su 22
Statistiche sulle risposte
Squadra Punti Vinte Pareggiate Perse Gol fatti Gol subiti % Corretto
Benevento 65 18 12 12 56 42
92%
Brescia 50 11 17 14 49 58
88%
Frosinone 74 21 11 10 57 42
88%
Pisa 35 6 21 15 23 36
88%
Bari 53 13 14 15 39 44
83%
Cittadella 63 19 6 17 60 54
83%
Hellas Verona 74 20 14 8 64 40
83%
Salernitana 54 13 15 14 44 44
83%
SPAL 78 22 12 8 66 39
83%
Spezia 60 15 15 12 38 34
83%
Ternana 49 13 10 19 42 53
83%
Vicenza 41 9 14 19 33 52
79%
Ascoli 49 10 19 13 44 49
75%
Carpi 62 16 14 12 41 40
75%
Perugia 65 15 20 7 54 40
75%
Avellino 50 13 13 16 40 55
71%
Cesena 53 12 17 13 51 48
67%
Latina 35 6 21 15 38 50
67%
Novara 56 15 11 16 48 50
63%
Trapani 44 10 14 18 45 55
63%
Virtus Entella 54 13 15 14 54 51
63%
Pro Vercelli 49 10 19 13 35 45
54%
Nessun quiz corrispondente trovato
Distribuzione punteggi
Percentuale di utenti per punteggio
Percentile per numero di risposta
I tuoi punteggi nel tempo
Non hai fatto questo quiz